Normal view
MARC view
Entry Personal Name
001 - CONTROL NUMBER
- : 3041
003 - CONTROL NUMBER IDENTIFIER
- : OSt
005 - DATE AND TIME OF LATEST TRANSACTION
- : 20260303144845.0
008 - FIXED-LENGTH DATA ELEMENTS
- : 260303|| aca||aabn | a|a d
040 ## - CATALOGING SOURCE
- : OSt
- : OSt
100 ## - HEADING--PERSONAL NAME
- : Sweigart, Al
670 ## - SOURCE DATA FOUND
- : Work cat.: (OSt)10161: Sweigart, Al, Big Book of Small Python Projects: 81 Easy Practice Programs, 2021
942 ## - KOHA INTERNAL USE
- : PERSO_NAME